ՀՀ Գիտությունների ազգային ակադեմիայի հիմնարար գիտական գրադարան  =   Fundamental Scientific Library of NAS RA

Дополнительные технические данные к построению металлической оболочки дирижабля без дорогой верфи : (Record no. 398550)

MARC details
000 -LEADER
fixed length control field 00887nam a22001817a 4500
003 - CONTROL NUMBER IDENTIFIER
control field AM-YeHGA
005 - DATE AND TIME OF LATEST TRANSACTION
control field 20250617153819.0
008 - FIXED-LENGTH DATA ELEMENTS--GENERAL INFORMATION
fixed length control field 180125s xxu||||| |||| 00| 0 rus d
040 ## - CATALOGING SOURCE
Original cataloging agency AM-YeHGA
041 0# - LANGUAGE CODE
Language code of text/sound track or separate title rus
090 ## - LOCALLY ASSIGNED LC-TYPE CALL NUMBER (OCLC); LOCAL CALL NUMBER (RLIN)
-- 400673
100 1# - MAIN ENTRY--PERSONAL NAME
Personal name Циолковский, Константин Эдуардович
245 10 - TITLE STATEMENT
Title Дополнительные технические данные к построению металлической оболочки дирижабля без дорогой верфи :
Remainder of title Отзыв Леденцовского общества о моем дирижабле /
Statement of responsibility, etc. К. Циолковский.
260 ## - PUBLICATION, DISTRIBUTION, ETC.
Place of publication, distribution, etc. Калуга :
Name of publisher, distributor, etc. Изд. лица, пожелавшего остаться неизвестным,
Date of publication, distribution, etc. 1915.
300 ## - PHYSICAL DESCRIPTION
Extent 10 с. :
Other physical details ил.
653 0# - INDEX TERM--UNCONTROLLED
Uncontrolled term Воздушный транспорт - Дирижабли
942 ## - ADDED ENTRY ELEMENTS (KOHA)
Source of classification or shelving scheme Universal Decimal Classification
Koha item type Գրքեր / Books
Holdings
Withdrawn status Lost status Source of classification or shelving scheme Damaged status Not for loan Collection Home library Current library Date acquired Total checkouts Full call number Barcode Date last seen Price effective from Koha item type Public note
    Universal Decimal Classification     General Fundamental Scientific Library Fundamental Scientific Library 25/01/2018   PIII/9465 FL0472397 25/01/2018 25/01/2018 Գրքեր / Books 30 Days Loan
    Universal Decimal Classification     General Fundamental Scientific Library Fundamental Scientific Library 25/01/2018   PIII/9464 FL0472394 25/01/2018 25/01/2018 Գրքեր / Books 30 Days Loan


ՀՀ ԳԱԱ հիմնարար գիտական գրադարան
ՀՀ,Երևան 0019
Մարշալ Բաղրամյան 24/6
հեռախոս:(374-10) 52-47-50
Հետադարձ կապ

All site content, except where otherwise noted, is licensed under a
Creative Commons License